| 000 | 00611nam a2200205Ia 4500 | ||
|---|---|---|---|
| 999 |
_c14888 _d14888 |
||
| 003 | 0100 | ||
| 005 | 20170901121545.0 | ||
| 008 | 130303s9999 xx 000 0 und d | ||
| 020 | _a268014353 | ||
| 040 | _cARRUPELIB | ||
| 050 | _aBV5091.C7P67131999 | ||
| 100 |
_aPorete, Marguite _935510 |
||
| 245 | 4 |
_aThe mirror of simple souls _cMarguerite Porete |
|
| 260 |
_aNew York _bPaulist Press _c1993 |
||
| 300 |
_aviii, 249p. ; _c23cm. |
||
| 650 |
_aContemplation _97213 |
||
| 650 |
_aSpiritual life _xChristianity _yEarly works to 1800 _935511 |
||
| 650 |
_aMysticism _xHistory _yMiddle ages, 600-1500 _zFrance _935512 |
||
| 650 |
_aBeguines _xHistory _zFrance _935513 |
||
| 942 |
_2lcc _cMONOGRAPH |
||